000 00615nam a22002177a 4500
003 NUST
005 20260430110411.0
008 260430b ||||| |||| 00| 0 eng d
020 _a978-0-19-923617-6
082 _a546
_bATK
100 _aShriver And Atkins
_9134297
245 _aInorganic Chemistry
_cShriver & Atkins
250 _a5th
260 _aNew York
_bOxford
_c2010
300 _a824p.
_bPb
440 _aInorganic Chemistry
_9134206
505 _rShriver & Atkins
_tInorganic Chemistry
590 _6Donation
600 _aShriver & Atkins
_9134298
942 _2ddc
_cBK
_e5th
_k546 ATK
_m46 ATK 2010
999 _c617273
_d617273